Kavitacionnyje javlenija v centrobežnych i osevych nasosach

Gespeichert in:
Bibliographische Detailangaben
1. Verfasser: Karelin, Vladimir Jakovlevič (Verfasst von)
Format: Buch
Sprache:Russisch
Veröffentlicht: Moskva : Mašinostrojenije, 1975
Ausgabe:2. izd.
Schlagworte:
Tags: Tag hinzufügen
Keine Tags, Fügen Sie das erste Tag hinzu!

MARC

LEADER 00000nam a22000003a 4500
001 stu85666
005 20150617225629.3
008 040406s1975----xxr-----------------rus-d
040 |a STU  |b slo 
041 0 |a rus 
044 |a xxr 
080 |a 621.67 
100 1 |a Karelin, Vladimir Jakovlevič  |4 aut 
245 1 |a Kavitacionnyje javlenija v centrobežnych i osevych nasosach 
250 |a 2. izd. 
260 |a Moskva :  |b Mašinostrojenije,  |c 1975 
300 |a 334 s 
650 7 |a odstredivé čerpadlá  |2 stusub 
996 |b 284J020378  |c J*45119  |l JJSK  |s A  |a 24  |w stu85666_0001